| 000 | 00456cam a2200193ua 4500 | ||
|---|---|---|---|
| 001 | 3953 | ||
| 005 | 20260515113747.0 | ||
| 008 | 111209n ii |||gr||||Z||||||asm | ||
| 040 | _cMAIN | ||
| 082 | _a891.4511 | ||
| 100 | 1 | _aBezbarua, Lakshminath, | |
| 245 | 1 | 1 |
_aKadamkali _cby Lakshminath Bezbarua |
| 250 | _a1st. | ||
| 260 |
_aGuwahati: _bSahitya akademi,964. |
||
| 300 | _a130p:5cm. | ||
| 653 | _aAssamese poem | ||
| 653 | _aKadamkali | ||
| 942 | _cBK | ||
| 999 |
_c3773 _d3773 |
||